000
00339 a2200109 4500
001
ART_25909
005
20260410161603.0
008
260409a
245
1
0
_a
La contabilidad y los métodos analíticos
100
1
_a
García Casella, Carlos Luis
773
0
_t
Profesional & Empresaria
_g
- Año V, Nº 59 (ago. 2004)
_w
REV70
999
_c
9864
_d
9864